The olympic games /

Guardado en:
Formato: Libro
Idioma:Undetermined
Publicado: 2015.
Materias:
Etiquetas: Agregar Etiqueta
Sin Etiquetas, Sea el primero en etiquetar este registro!
LEADER 00345nam a22001335a 4500
001 CEM.cems018889
008 211018s2015####xx############000#0#und#d
005 20211018195745.0
003 CEMS
245 1 0 |a The olympic games /  |c Mark Eaton. 
260 |c 2015. 
653 |a Texto Inglés 
653 |a Caja Inglés 2 
859 |a CEMS  |b BIB. CEMS - 11 de abril  |p SSR-98  |t Ej. 1